| 000 | 00642nab a2200169Ia 4500 | ||
|---|---|---|---|
| 003 | ES-SlBCS | ||
| 005 | 20210601125530.0 | ||
| 008 | 140529s2000 xxu||||| |||| 00| 0 eng d | ||
| 041 | _aeng | ||
| 100 | 1 |
_aCoblentz Bautch, Kelley _9160019 |
|
| 245 | 0 | 4 |
_aThe Vessels of the Potter shall be broken: The Material Culture from a Burial Cave at St. Étienne's Monastery, Jerusalem _c Kelley Coblentz Bautch, Richard Bautch, Gabriel Barkay |
| 651 | 4 |
_aJerusalén _992390 |
|
| 700 | 1 |
_aBarkay, Gabriel _9160020 |
|
| 700 | 1 |
_aBautch, Richard _9160021 |
|
| 773 | 0 |
_tRevue Biblique Internacionale _gvol. 107, 2000, págs. 561-590 _wRev879 |
|
| 942 | _cAR | ||
| 999 |
_c531813 _d531813 |
||